00000000nam##2200000za#4500
0019.642718
003CaOODSP
00520260106135605
007cr |||||||||||
008150407|2014||||xxc|||||o    f|0| 0 fre|d
020 |a978-0-660-21617-1
040 |aCaOODSP|bfre
043 |an-cn---
0861 |aM154-74/2014F-PDF
1102 |aCentre de la technologie de l'énergie de CANMET (Canada)
24510|aProgramme d'incitatif pour l'intégration des procédés : |h[ressource électronique]|brésultats et impacts 2004-2013
260 |aOttawa - Ontario : |bRessources naturelles Canada. |cc2014.
300 |a16p.|bgraphiques, cartes, tableaux
590 |a15-02|b2015-01-09
69107|aCentrale électrique|2gcpds
69107|aRendement énergétique|2gcpds
77508|tProcess Integration Incentive Program : |w(CaOODSP)9.698715
85640|ahttp://publications.gc.ca|qPDF|s2.28 Mo|uhttps://publications.gc.ca/collections/collection_2015/rncan-nrcan/M154-74-2014-fra.pdf